Vajkeresők

Bibliographic Details
Main Author: Molnár, Norbert (Author)
Format: Article
Language:Hungarian
Slovak
Subjects:

MARC

LEADER 00000nab a2200000 a 4500
001 vtls000873559
003 SK-MaSNL
005 20260318123417.0
008 040806c2004 xo 0 hun
015 |a SNBRB2004/05-16102 
035 |a CLN000225111 
040 |a SNKBUCL  |b slo  |c SNKBUCL  |e AACR2 
041 0 |a slo 
044 |a xo  |c SK 
080 |a 329.051(437.6)  |2 UDC-MRF-SK2 
080 |a 329.4(=511.141)(437.6)SMK  |2 UDC-MRF-SK2 
100 1 |a Molnár, Norbert  |4 aut  |9 676376 
245 1 0 |a Vajkeresők  |c Molnár Norbert 
610 1 7 |a Slovensko.  |b Vláda  |2 snkbucl  |9 14235 
610 2 7 |a Strana maďarskej koalície - Magyar Koalíció Pártja  |2 snkbucl  |9 229268 
650 0 7 |a vládne politické strany  |2 snkbucl  |9 28176 
651 7 |a Slovensko  |2 snkbucl  |9 14231 
655 7 |a články z novín a časopisov  |2 snkbucl  |9 267496 
773 0 |t Új szó  |g Roč. 57, č. 93 (22.4.2004), s. 7 
850 |a Slovenská národná knižnica v Martine 
852 |a SNK  |b KIS3GCP 
999 |c 2686495  |d 2688425